Pakistan economic survey 1976-77 (Record no. 232777)

000 -LEADER
fixed length control field nam a22 7a 4500
003 - CONTROL NUMBER IDENTIFIER
control field Nust
005 - DATE AND TIME OF LATEST TRANSACTION
control field 20170223120355.0
008 - FIXED-LENGTH DATA ELEMENTS--GENERAL INFORMATION
fixed length control field 170223b xxu||||| |||| 00| 0 eng d
040 ## - CATALOGING SOURCE
Transcribing agency 0
082 ## - DEWEY DECIMAL CLASSIFICATION NUMBER
Classification number 330.95491005
100 ## - MAIN ENTRY--PERSONAL NAME
Relator code Govt of Pakistan
245 ## - TITLE STATEMENT
Title Pakistan economic survey 1976-77
260 ## - PUBLICATION, DISTRIBUTION, ETC.
Place of publication, distribution, etc. Islamabad
Name of publisher, distributor, etc. Finance Division
300 ## - PHYSICAL DESCRIPTION
Extent 191p
942 ## - ADDED ENTRY ELEMENTS (KOHA)
Source of classification or shelving scheme
Koha item type Book
Holdings
Withdrawn status Lost status Source of classification or shelving scheme Damaged status Not for loan Collection code Permanent Location Current Location Shelving location Date acquired Full call number Barcode Date last seen Price effective from Koha item type
            Central Library (CL) Central Library (CL) General Stacks 02/23/2017 330.95491005 PAK S3H-D-164 02/23/2017 02/23/2017 Reference
© 2023 Central Library, National University of Sciences and Technology. All Rights Reserved.